El Monólogo norte sur y la explotación de los países subdesarrollados /

में बचाया:
ग्रंथसूची विवरण
मुख्य लेखक: Calcagno, Alfredo
अन्य लेखक: Jakobowicz, Jean Michael
स्वरूप: मूलपाठ
प्रकाशित: México D.F.: Siglo Veintiuno
टैग: टैग जोड़ें
कोई टैग नहीं, इस रिकॉर्ड को टैग करने वाले पहले व्यक्ति बनें!

MARC

LEADER 00000 a a2200000 04500
001 24908
003
040
020 |a 968-23-1078-4  
090 |a 175600  
100 |a Calcagno, Alfredo  
245 |a El Monólogo norte sur y la explotación de los países subdesarrollados /  |c Alfredo Calcagno 
260 |a México D.F.:   |b Siglo Veintiuno  
300 |a 208 p.   |b **no definido**  
700 |a Jakobowicz, Jean Michael  
999 |c 11137  |d 11137